Normal view
MARC view
Entry Corporate Name
001 - CONTROL NUMBER
- control field: 528714
003 - CONTROL NUMBER IDENTIFIER
- control field: OSt
005 - DATE AND TIME OF LATEST TRANSACTION
- control field: 20220930071622.0
008 - FIXED-LENGTH DATA ELEMENTS
- fixed length control field: 220930|| aca||aabn | a|a d
040 ## - CATALOGING SOURCE
- Original cataloging agency: OSt
- Transcribing agency: OSt
110 ## - HEADING--CORPORATE NAME
- Corporate name or jurisdiction name as entry element: Meerut University. Faculty of Arts. Department of Hindi
670 ## - SOURCE DATA FOUND
- Source citation: Work cat.: (OSt)862572: Sharma Bhishm Pal 528713, Dadri thaseel gujrott shttra kee gujri boly ka bhasha--shastriyey adhyan., 1982
